Normal view MARC view
  • Stanchfield, Jo M.

Entry Personal Name

Number of records used in: 2

001 - CONTROL NUMBER

  • control field: 4774

003 - CONTROL NUMBER IDENTIFIER

  • control field: OSt

005 - DATE AND TIME OF LATEST TRANSACTION

  • control field: 20170516083314.0

008 - FIXED-LENGTH DATA ELEMENTS

  • fixed length control field: 170516|| aca||aabn | a|a d

040 ## - CATALOGING SOURCE

  • Original cataloging agency: OSt
  • Transcribing agency: OSt

100 ## - HEADING--PERSONAL NAME

  • Personal name: Stanchfield, Jo M.

670 ## - SOURCE DATA FOUND

  • Source citation: Work cat.: (OSt)0: Stanchfield, Jo M., Skylines /, 1986
Pusat Sumber Maklumat Dato' Haji Sarmin Md Hussin, Akademi Kastam Diraja Malaysia, Melaka
Tel: 06-2331106 | Faks: 06-2313787